000 00623nam a2200229Ia 4500
001 2119
005 20240113233529.0
007 ta
008 050221s1914 a g b000 u eng u
040 _aRef. stack
041 _aeng
082 _a336.905
_bBl 561 Fi
100 _aBlacket, Basil P. .
245 0 _aFinal report of the commissioners /
_cBasil P. Blacket.
_hReports
250 _a1st ed /
260 _aLOndon :
_bRoyal commission on Indian finance and currency ,
_c1914.
300 _a91p. :
_bill ;
_c32cm .
653 _aReport - commissioners
942 _2ddc
_cBK
999 _c2112
_d2112